Word Ladder: Small, Unmarked Rungs Quiz Stats

 Plays Quiz Updated Jan 22, 2013

Support Sporcle.
Go Orange.
Score 0/16 Timer 02:00
0 Plays Today
Hint Word % Correct
Last wishes documentWILL
97.8%
DiscoverFIND
91.5%
❖ FERAL ❖❖ WILD ❖
85.6%
Zephyr or sciroccoWIND
81.6%
❖ A VIEW TO A ____❖ KILL ❖
79.9%
❖ STOOP TO AVOID! ❖❖ DUCK ❖
74.9%
PierDOCK
73%
Acne remnantPOCK
66.5%
Hint Word % Correct
11th PresidentPOLK
66.4%
____ du Lac, WisconsinFOND
62.2%
GreenbackBUCK
61.6%
Kith and kinFOLK
53.7%
❖ BO PEEP'S CORRAL? ❖❖ FOLD ❖
47.9%
Hefty massBULK
41.7%
❖ COMMON BOND ❖❖ BILL ❖
34.9%
Taradiddle!BULL
26.2%

Today's Daily Dose

You're not logged in!

Compare scores with friends on all Sporcle quizzes.
OR
Log In

From the Vault

Entertainment Sixes

by NJSB

It's time to get things started!
Remove Ads.
Support Sporcle.
Get the best of Sporcle when you Go Orange. This ad-free experience offers more features, more stats, and more fun while also helping to support Sporcle. Thank you for becoming a member.

Show Comments

Extras

Top Quizzes Today


Score Distribution

Your Account Isn't Verified!

In order to create a playlist on Sporcle, you need to verify the email address you used during registration. Go to your Sporcle Settings to finish the process.

Report this User

Report this user for behavior that violates our Community Guidelines.

Details: